000 00837 a2200205 4500
001 41378
005 20260407155708.0
008 260407a1975 arg spa d
003 AR-UNSa-BCEJYS
040 _aAR-UNSa-BCEJYS
_bspa
_cAR-UNSa-BCEJYS
080 _a330.8
_xHistoria de las teorías, Doctrinas, Dogmas económicos (pensamiento económico)
245 1 0 _aIntroducción a la historia del pensamiento económico
264 1 _aBuenos Aires :
_bEl Coloquio
_c1975
300 _a139 p.
_c21 cm.
505 _a1. Las estructuras nacionales: su articulación y cambio - 2. El feudalismo - 3. El pensamiento económico medieval - 4. El capitalismo comercial - 5. El mercantilismo - 6. La fisiocracia - 7. Adam Smith
041 _aspa
942 _cBK
590 _aniveau_biblio:m niveau_hierar:0
100 1 _aFernández López, Manuel
999 _c3483
_d3483